00533nam a2200181Ia 4500008004100000020001400041040001900055041001200074082002200086100001900108245009500127260003200222300002400254504001900278650001200297700002600309850001600335131103s9999 xx 000 0 und d a361032706 aLoreto College aEnglish aRef/SbLCBED/7186 aHolmes, Edward aGreat men of sciencecEdward Holmes, Christopher Maynard and edited by Jennifer L. Justice aLondonbPurnell Booksc1975 a48p.b pic.c 25cm. aIncludes index aScience aMaynard, Christopher  aLCBED/Ref/S